000 00856nam a2200253Ia 4500
003 OSt
005 20220923212431.0
006 a|||||r|||| 00| 0
007 ta
008 220922b |||||||| |||| 00| 0 hin d
024 _a152,917
037 _cTextual
040 _aARTS
_cARTS
_bhin
041 _2hin
_ahin
082 _aO142,2M60,4, 152[N0]
100 _aचैखव, एण्टन पाब्लोविच
_9162469
245 0 _aचरी का बगीचा
246 _aCharī kā bagīchā
260 _aनई दिल्ली
_b अक्षर प्रकाशन
_c1990
300 _a110 पृ.
_ccm.
650 _aहिन्दी साहित्य
_9156264
942 _hO142,2M60,4, 152[N0]
_cTEXL
_2CC
999 _c308566
_d308566